Energetické úspory v národním hospodářství

Salvato in:
Dettagli Bibliografici
Autore principale: Válek, Dušan
Natura: Libro
Lingua:ceco
Pubblicazione: Praha Ústředí vědeckých, technických a ekonomických informací 1984
Tags: Aggiungi Tag
Nessun Tag, puoi essere il primo ad aggiungerne!!

MARC

LEADER 00000nam a2200000 4500
001 c111774
005 20251111112855.4
041 0 |a cze 
044 |a CZ 
245 1 0 |a Energetické úspory v národním hospodářství  |c Dušan Válek 
264 1 |a Praha  |b Ústředí vědeckých, technických a ekonomických informací  |c 1984 
300 |a 74 s. 
100 1 |a Válek, Dušan